000 00551nam a22001937a 4500
003 OSt
005 20140310182123.0
008 130827t xxu||||| |||| 00| 0 eng d
020 _a393963705
050 _aE 178.1
_b.T588 1993
082 _aHS 973
_bT49 1993
100 _aTindall, George Brown;
_914150
245 _aAmerica: a narrative history.
_cTindall, George Brown
260 _aNew York :
_b W-W Norton,
_c1993.
300 _a479 p. :
_bill. ;
_c210 cm.
650 _aUnited States
_xHistory.
_914151
942 _2lcc
_cHS
999 _c9569
_d9569